000 00838nam a22002177a 4500
005 20240530110622.0
008 161225s2015 ua a f b 000 0 ara d
017 _a2014/3460
_bمصر. دار الكتب
020 _a9789777351027
040 _aEG-CaGPL
_cEG-CaGPL
082 0 4 _221
_a020.932
_bق/ن م
100 0 _aنجلاء محمد جابر موسى .
245 1 2 _aالمكتبات عند قدماء المصريين /
_cنجلاء محمد جابر موسى .
250 _aط.1
260 _aالاسكندرية :
_bدار الوفاء لدنيا الطباعة و النشر ،
_c2015 .
300 _a337 ص :
_bايض ؛
_c24 سم .
504 _aببليوجرافية : ص 331 - 337
650 0 7 _2qrmak
_aالمكتبات
_yمصر القديمة .
942 _2ddc
_cBK
999 _c63076
_d63076